[Event "AUTO-OPEN-835"]
[Site "http://www.queenalice.com/game.php?id=356543"]
[Date "2008.2.18"]
[Round "2"]
[White "duck"]
[Black "cmnetto"]
[Result "1-0"]
[WhiteElo "2114"]
[BlackElo "1723"]

1. e4 e5 2. Nc3 Nc6 3. Bc4 Bb4 4. Nd5 Bc5 5. f4 Nf6 6. Nf3 Nxe4 7. Nxe5 Nxe5 8.
fxe5 Nf2 9. Qf3 O-O 10. Nf6+ gxf6 11. exf6 d6 12. Qg3+ Kh8 13. Qg7# 1-0

[Event "AUTO-OPEN-835"]
[Site "http://www.queenalice.com/game.php?id=356544"]
[Date "2008.2.18"]
[Round "2"]
[White "cmnetto"]
[Black "duck"]
[Result "1-0"]
[WhiteElo "1696"]
[BlackElo "2055"]

1. e4 c5 2. Nc3 a6 3. Nf3 Nc6 4. Be2 d6 5. O-O e5 6. d3 Nf6 7. Bg5 Be7 8. Nd5
Nxd5 9. Bxe7 Ndxe7 10. d4 cxd4 11. Bc4 O-O 12. Qd2 h6 13. c3 Bg4 14. Ne1 Kh8 15.
cxd4 Nxd4 16. h3 Bh5 17. Nc2 Nec6 18. Bd5 Nxc2 19. Qxc2 Nd4 20. Qd2 Qb6 21. Rfe1
Rac8 22. Rac1 Rxc1 23. Rxc1 Ne2+ 24. Kh1 Nxc1 25. Qxc1 f5 26. exf5 Bf7 27. Bxf7
Rxf7 28. Qd2 Rxf5 29. b3 1-0

[Event "AUTO-OPEN-880"]
[Site "http://www.queenalice.com/game.php?id=367260"]
[Date "2008.3.7"]
[Round "2"]
[White "kulalking"]
[Black "duck"]
[Result "1-0"]
[WhiteElo "2136"]
[BlackElo "1954"]

1. e4 c5 2. d4 cxd4 3. c3 dxc3 4. Nxc3 Nc6 5. Nf3 a6 6. Bc4 e6 7. a4 h6 8. O-O
Bc5 9. Bf4 Nge7 10. Qe2 O-O 11. Rfd1 Ng6 12. Bd6 Re8 13. Bxc5 b6 14. Bd6 Bb7 15.
b4 1-0

[Event "AUTO-OPEN-880"]
[Site "http://www.queenalice.com/game.php?id=367261"]
[Date "2008.3.7"]
[Round "2"]
[White "duck"]
[Black "kulalking"]
[Result "0-1"]
[WhiteElo "1945"]
[BlackElo "2143"]

1. e4 e5 2. Nc3 Nf6 3. f4 Nc6 4. Bc4 Bb4 5. d3 d5 6. Bb3 d4 7. Ne2 dxc3 8. bxc3
Ba5 9. O-O Bxc3 10. Nxc3 Qd4+ 11. Kh1 Qxc3 12. Bd2 Qd4 13. f5 O-O 14. Qe1 Qd6
15. Qg3 Nxe4 16. dxe4 Qxd2 0-1

[Event "AUTO-OPEN-880"]
[Site "http://www.queenalice.com/game.php?id=367264"]
[Date "2008.3.7"]
[Round "2"]
[White "hartto"]
[Black "duck"]
[Result "1-0"]
[WhiteElo "1776"]
[BlackElo "1937"]

1. e4 c5 2. Nf3 a6 3. d4 cxd4 4. Nxd4 Nf6 5. Nc3 e5 6. Nf3 Bb4 7. Bc4 Bxc3+ 8.
bxc3 Nc6 9. O-O O-O 10. Re1 b5 11. Bd5 Bb7 12. Bg5 Re8 13. Rb1 h6 14. Bh4 d6 15.
c4 Ra7 16. cxb5 axb5 17. Rxb5 Qa8 18. Bxf6 gxf6 19. Nh4 1-0

[Event "AUTO-OPEN-880"]
[Site "http://www.queenalice.com/game.php?id=367265"]
[Date "2008.3.7"]
[Round "2"]
[White "duck"]
[Black "hartto"]
[Result "0-1"]
[WhiteElo "1915"]
[BlackElo "1798"]

1. e4 c5 2. Nf3 Nc6 3. d3 d6 4. g3 Bg4 5. c3 e6 6. Bg2 Nf6 7. O-O Be7 8. Nbd2
O-O 9. h3 Bh5 10. Qe1 Ne5 11. Nxe5 dxe5 12. Qe3 h6 13. f4 exf4 14. Rxf4 Rc8 15.
Nc4 b5 16. Ne5 Bd6 17. d4 Bxe5 18. dxe5 Nd7 19. g4 Bg6 0-1

[Event "AUTO-INT-540"]
[Site "http://www.queenalice.com/game.php?id=369963"]
[Date "2008.3.12"]
[Round "3"]
[White "duck"]
[Black "Tweetie"]
[Result "0-1"]
[WhiteElo "2077"]
[BlackElo "1934"]

1. e4 e6 2. c4 d5 3. exd5 exd5 4. d4 Nf6 5. Nc3 Be7 6. Bd3 O-O 7. Nf3 c6 8. O-O
Nbd7 9. Re1 Re8 10. Bg5 dxc4 0-1

[Event "AUTO-INT-540"]
[Site "http://www.queenalice.com/game.php?id=369964"]
[Date "2008.3.12"]
[Round "3"]
[White "Tweetie"]
[Black "duck"]
[Result "1-0"]
[WhiteElo "1910"]
[BlackElo "2101"]

1. e4 c5 2. Nf3 a6 3. d4 cxd4 4. Nxd4 Nf6 5. Nc3 e5 6. Nf3 Bb4 7. Qd3 Nc6 8. Bd2
d6 9. O-O-O a5 10. a3 Bc5 11. h3 1-0

[Event "AUTO-MASTER-405"]
[Site "http://www.queenalice.com/game.php?id=379471"]
[Date "2008.3.30"]
[Round "2"]
[White "levi"]
[Black "duck"]
[Result "1-0"]
[WhiteElo "2351"]
[BlackElo "1911"]

1. e4 c5 2. Nf3 a6 3. c3 Nc6 4. d4 Qa5 5. d5 Na7 6. Bf4 d6 7. Nbd2 g6 8. Be2 Bg7
9. O-O Nf6 10. Nc4 Qc7 11. e5 dxe5 12. Nfxe5 Qd8 13. Bf3 O-O 14. Re1 Re8 15. a4
e6 16. d6 Nd7 17. Nxd7 Qxd7 18. Nb6 Qd8 19. Nxa8 1-0

[Event "AUTO-MASTER-405"]
[Site "http://www.queenalice.com/game.php?id=379472"]
[Date "2008.3.30"]
[Round "2"]
[White "duck"]
[Black "levi"]
[Result "0-1"]
[WhiteElo "1894"]
[BlackElo "2346"]

1. e4 e5 2. Nc3 Nf6 3. f4 d5 4. fxe5 Nxe4 5. Nf3 Be7 6. d4 Bg4 7. Be2 Nc6 8. O-O
Qd7 9. h3 Bf5 10. Bd3 Nb4 11. Bb5 c6 12. Ba4 O-O-O 13. a3 Na6 14. b4 Nxc3 0-1

[Event "AUTO-MASTER-405"]
[Site "http://www.queenalice.com/game.php?id=379473"]
[Date "2008.3.30"]
[Round "2"]
[White "nathanielfast"]
[Black "duck"]
[Result "1-0"]
[WhiteElo "2090"]
[BlackElo "1985"]

1. c4 e5 2. g3 Nc6 3. Bg2 Nf6 4. Nc3 Bc5 5. a3 Ng4 6. Ne4 Be7 7. h3 Nf6 8. Nc3
d6 9. e4 Nd4 10. Nge2 Nxe2 11. Nxe2 Be6 12. d3 1-0

[Event "AUTO-MASTER-405"]
[Site "http://www.queenalice.com/game.php?id=379474"]
[Date "2008.3.30"]
[Round "2"]
[White "duck"]
[Black "nathanielfast"]
[Result "0-1"]
[WhiteElo "1909"]
[BlackElo "2116"]

1. e4 c5 2. Nf3 g6 3. d3 Bg7 4. Bg5 Bxb2 5. Nbd2 Bxa1 6. Qxa1 f6 7. Be2 Nc6 8.
O-O d6 9. Bf4 e5 10. Be3 Be6 11. a3 Nge7 12. Rb1 b6 13. Bh6 Kf7 14. Nh4 Nd4 15.
Bd1 g5 16. Ndf3 Nxf3+ 17. Nxf3 Kg6 0-1

[Event "AUTO-MASTER-460"]
[Site "http://www.queenalice.com/game.php?id=410711"]
[Date "2008.5.30"]
[Round "2"]
[White "marcos_excel"]
[Black "duck"]
[Result "1-0"]
[WhiteElo "1957"]
[BlackElo "1875"]

1. Nc3 e5 2. e4 Nc6 3. Nf3 Nf6 4. Bc4 Bc5 5. O-O Nd4 6. Nxe5 d6 7. Nxf7 Qe7 8.
Nxh8 Bg4 9. f3 Nxf3+ 10. Kh1 Ne5 11. Be2 Bxe2 12. Qxe2 O-O-O 13. Nb5 Rxh8 14. d4
Nfg4 15. dxc5 a6 16. h3 axb5 17. hxg4 Qh4+ 18. Kg1 Nxg4 19. Bf4 Rf8 20. g3 Qh5
21. cxd6 cxd6 22. Bxd6 Rxf1+ 23. Rxf1 Qg6 24. Rf8+ Kd7 25. e5 h5 26. Qxb5+ Ke6
27. Qc4+ Kd7 28. Qc8# 1-0

[Event "AUTO-MASTER-460"]
[Site "http://www.queenalice.com/game.php?id=410712"]
[Date "2008.5.30"]
[Round "2"]
[White "duck"]
[Black "marcos_excel"]
[Result "0-1"]
[WhiteElo "1862"]
[BlackElo "1949"]

1. e4 Nc6 2. Nc3 e5 3. Bc4 Nf6 4. f4 exf4 5. d4 Nxe4 6. Nxe4 d5 7. Qe2 Be7 8.
Bxf4 dxc4 9. Qxc4 Nxd4 10. Bxc7 Qd7 11. O-O-O Qg4 12. Qxd4 Qxg2 13. Qd5 Kf8 14.
Bd6 f5 15. Bxe7+ Kxe7 16. Qd6+ Kf7 17. Ng3 Re8 18. Qf4 Kg8 19. Qf3 Qxf3 20. Nxf3
f4 21. Nf1 b5 22. Rd4 Rf8 23. N1d2 Bb7 24. Rf1 Rac8 25. Ne5 Rc5 0-1

[Event "AUTO-MASTER-460"]
[Site "http://www.queenalice.com/game.php?id=410717"]
[Date "2008.5.30"]
[Round "2"]
[White "duck"]
[Black "IRAN_SILVA"]
[Result "0-1"]
[WhiteElo "1882"]
[BlackElo "2110"]

1. e4 e5 2. Nc3 Nc6 3. Bc4 Nf6 4. f4 exf4 5. d4 Bb4 6. e5 Ne4 7. a3 Qh4+ 8. g3
fxg3 9. Nf3 g2+ 10. Nxh4 gxh1=Q+ 11. Ke2 Qxh2+ 12. Kd3 Nf2+ 0-1

[Event "AUTO-MASTER-460"]
[Site "http://www.queenalice.com/game.php?id=410718"]
[Date "2008.5.30"]
[Round "2"]
[White "IRAN_SILVA"]
[Black "duck"]
[Result "0-1"]
[WhiteElo "2018"]
[BlackElo "1849"]

1. Nf3 d5 2. c4 c6 3. e3 Bg4 4. cxd5 cxd5 5. d4 Nf6 6. Nc3 e6 7. Be2 Nc6 8. a3
Bd6 9. Nb5 Bb8 10. O-O a6 11. Nc3 Qd6 12. h3 Bh5 13. g3 Ne7 14. Qa4+ Kf8 15. Bd2
Bxf3 16. Bxf3 Nf5 17. Bg2 h5 0-1

[Event "phystutordotcom-"]
[Site "http://www.queenalice.com/game.php?id=426541"]
[Date "2008.7.2"]
[Round "1"]
[White "rrainey22"]
[Black "duck"]
[Result "1-0"]
[WhiteElo "1829"]
[BlackElo "1901"]

1. e4 c5 2. e5 Nc6 3. f4 d6 4. exd6 exd6 5. c3 Bf5 6. Qe2+ Be7 7. g4 Be6 8. g5
f6 9. Qxe6 fxg5 10. fxg5 Ne5 11. Bb5+ Kf8 12. h4 a6 13. Ba4 1-0